000 00475nam a2200181Ia 4500
008 230917s9999||||xx |||||||||||||| ||und||
020 _cRS415
040 _e222500
_aMAIN
041 _aEnglish
082 _a658.3 S14P(5)
100 _aSubba, Rao P
245 0 _aPersonal and human resource management
250 _a5th ed.
260 _aMumbai
_bHimalaya Publishing
_c2014
300 _a476 p.
500 _a1828 09/01/2015 HBD253 06/02/2015 Main Budget
942 _cBK
999 _c13553
_d13553